00619nam a22002057a 450000500170000001000300001702000260004703500170007303500130009003700170010303700130012008200080013310000170014124500870015826000350024527000410028030000390032149000410036052000120040120170206101449.0 aB-529007-036 ENG-110508 a9788131519080c350.00 aB-529007-036 aEN-94040 adplbUBH/Ven bDBAD/PUB a530 aSharma, B.M. aCrash course in physics for joint entrance examination JEE (Main) /cby B.M.Sharma aDelhibCengage Learning c2013 a418,F.I.E.,PatparganjbDelhie110092 avarious pagings.:bill.c24cm(pbk) aCengage Learning's exam crack series a13-14EN